000 00732nam a2200193 i 4500
001 60600
003 ES-MaACL
005 20230906164252.0
007 t|
008 031105s1981 sp ||||1| spa d
100 1 _aEsteban Drake, Antonio.
_948050
245 1 3 _aEl derecho público subjetivo como instrumentación técnica de las libertades públicas y el problema de la legitimación procesal /
_cAntonio Esteban Drake ; prólogo de Eduardo García de Enterría ; nota preliminar de Luis Ortega.
250 _a[1ª ed.].
260 _a[Madrid] :
_bCivitas,
_c[1981]
300 _a212 p. ;
_c20 cm.
700 1 _aGarcía de Enterría, Eduardo.
_954425
700 1 _aOrtega, Luis.
_987417
852 _aES-MaACL
_jL-2053
_bR.103074
999 _c60600
_d60600